<?xml version="1.0" encoding="UTF-8"?>
<collection xmlns="http://www.loc.gov/MARC21/slim">
 <record>
  <leader>02094nam a22002657a 4500</leader>
  <controlfield tag="001">NCT_62018</controlfield>
  <controlfield tag="008">190315b        xxu||||| |||| 00| 0 vie d</controlfield>
  <datafield tag="999" ind1=" " ind2=" ">
   <subfield code="c">3003</subfield>
   <subfield code="d">3003</subfield>
  </datafield>
  <datafield tag="020" ind1=" " ind2=" ">
   <subfield code="a">9786045859551</subfield>
   <subfield code="c">126000</subfield>
  </datafield>
  <datafield tag="082" ind1="0" ind2="4">
   <subfield code="2">23rd ed.</subfield>
   <subfield code="a">959.77</subfield>
   <subfield code="b">T550</subfield>
  </datafield>
  <datafield tag="100" ind1="1" ind2=" ">
   <subfield code="a">Nguyễn Đình Tư</subfield>
  </datafield>
  <datafield tag="245" ind1="1" ind2="0">
   <subfield code="a">Địa chí hành chính các tỉnh Nam Kỳ thời Pháp thuộc (1859-1945)</subfield>
   <subfield code="c">Nguyễn Đình Tư</subfield>
  </datafield>
  <datafield tag="260" ind1=" " ind2=" ">
   <subfield code="a">Tp. Hồ Chí Minh</subfield>
   <subfield code="b">Tổng hợp TP Hồ Chí Minh</subfield>
   <subfield code="c">2017</subfield>
  </datafield>
  <datafield tag="300" ind1=" " ind2=" ">
   <subfield code="a">680 tr.</subfield>
   <subfield code="c">24cm</subfield>
  </datafield>
  <datafield tag="520" ind1="3" ind2=" ">
   <subfield code="a">Là những văn kiện ghi nhận quá trình sắp xếp, điều chỉnh lại ranh giới và tên gọi các đơn vị hành chính từ cấp làng xã đến cấp quận, tỉnh từ đầu thời pháp thuộc để có được một hệ thống mà ngày nay đa số vẫn còn tồn tại. </subfield>
  </datafield>
  <datafield tag="653" ind1=" " ind2=" ">
   <subfield code="a">Sách tham khảo</subfield>
  </datafield>
  <datafield tag="942" ind1=" " ind2=" ">
   <subfield code="2">ddc</subfield>
   <subfield code="c">BK</subfield>
  </datafield>
  <datafield tag="952" ind1=" " ind2=" ">
   <subfield code="0">0</subfield>
   <subfield code="1">0</subfield>
   <subfield code="2">ddc</subfield>
   <subfield code="4">0</subfield>
   <subfield code="6">959_770000000000000_T550</subfield>
   <subfield code="7">0</subfield>
   <subfield code="9">16273</subfield>
   <subfield code="a">000001</subfield>
   <subfield code="b">000001</subfield>
   <subfield code="d">2019-03-15</subfield>
   <subfield code="o">959.77 T550</subfield>
   <subfield code="p">MD.16267</subfield>
   <subfield code="r">2019-03-15</subfield>
   <subfield code="v">126000.00</subfield>
   <subfield code="w">2019-03-15</subfield>
   <subfield code="y">BK</subfield>
  </datafield>
  <datafield tag="952" ind1=" " ind2=" ">
   <subfield code="0">0</subfield>
   <subfield code="1">0</subfield>
   <subfield code="2">ddc</subfield>
   <subfield code="4">0</subfield>
   <subfield code="6">959_770000000000000_T550</subfield>
   <subfield code="7">0</subfield>
   <subfield code="9">16274</subfield>
   <subfield code="a">000001</subfield>
   <subfield code="b">000001</subfield>
   <subfield code="d">2019-03-15</subfield>
   <subfield code="o">959.77 T550</subfield>
   <subfield code="p">MD.16268</subfield>
   <subfield code="r">2019-03-15</subfield>
   <subfield code="v">126000.00</subfield>
   <subfield code="w">2019-03-15</subfield>
   <subfield code="y">BK</subfield>
  </datafield>
  <datafield tag="952" ind1=" " ind2=" ">
   <subfield code="0">0</subfield>
   <subfield code="1">0</subfield>
   <subfield code="2">ddc</subfield>
   <subfield code="4">0</subfield>
   <subfield code="6">959_770000000000000_T550</subfield>
   <subfield code="7">0</subfield>
   <subfield code="9">18381</subfield>
   <subfield code="a">000001</subfield>
   <subfield code="b">000001</subfield>
   <subfield code="d">2019-12-16</subfield>
   <subfield code="o">959.77 T550</subfield>
   <subfield code="p">MD.16248</subfield>
   <subfield code="r">2019-12-16</subfield>
   <subfield code="v">126000.00</subfield>
   <subfield code="w">2019-12-16</subfield>
   <subfield code="y">BK</subfield>
  </datafield>
  <datafield tag="952" ind1=" " ind2=" ">
   <subfield code="0">0</subfield>
   <subfield code="1">0</subfield>
   <subfield code="2">ddc</subfield>
   <subfield code="4">0</subfield>
   <subfield code="6">959_770000000000000_T550</subfield>
   <subfield code="7">0</subfield>
   <subfield code="9">18382</subfield>
   <subfield code="a">000001</subfield>
   <subfield code="b">000001</subfield>
   <subfield code="d">2019-12-16</subfield>
   <subfield code="o">959.77 T550</subfield>
   <subfield code="p">MD.16249</subfield>
   <subfield code="r">2019-12-16</subfield>
   <subfield code="v">126000.00</subfield>
   <subfield code="w">2019-12-16</subfield>
   <subfield code="y">BK</subfield>
  </datafield>
  <datafield tag="952" ind1=" " ind2=" ">
   <subfield code="0">0</subfield>
   <subfield code="1">0</subfield>
   <subfield code="2">ddc</subfield>
   <subfield code="4">0</subfield>
   <subfield code="6">959_770000000000000_T550</subfield>
   <subfield code="7">0</subfield>
   <subfield code="9">18383</subfield>
   <subfield code="a">000001</subfield>
   <subfield code="b">000001</subfield>
   <subfield code="d">2019-12-16</subfield>
   <subfield code="o">959.77 T550</subfield>
   <subfield code="p">MD.16250</subfield>
   <subfield code="r">2019-12-16</subfield>
   <subfield code="v">126000.00</subfield>
   <subfield code="w">2019-12-16</subfield>
   <subfield code="y">BK</subfield>
  </datafield>
  <datafield tag="952" ind1=" " ind2=" ">
   <subfield code="0">0</subfield>
   <subfield code="1">0</subfield>
   <subfield code="2">ddc</subfield>
   <subfield code="4">0</subfield>
   <subfield code="6">959_770000000000000_T550</subfield>
   <subfield code="7">0</subfield>
   <subfield code="9">18384</subfield>
   <subfield code="a">000001</subfield>
   <subfield code="b">000001</subfield>
   <subfield code="d">2019-12-16</subfield>
   <subfield code="o">959.77 T550</subfield>
   <subfield code="p">MD.16251</subfield>
   <subfield code="r">2019-12-16</subfield>
   <subfield code="v">126000.00</subfield>
   <subfield code="w">2019-12-16</subfield>
   <subfield code="y">BK</subfield>
  </datafield>
  <datafield tag="952" ind1=" " ind2=" ">
   <subfield code="0">0</subfield>
   <subfield code="1">0</subfield>
   <subfield code="2">ddc</subfield>
   <subfield code="4">0</subfield>
   <subfield code="6">959_770000000000000_T550</subfield>
   <subfield code="7">0</subfield>
   <subfield code="9">18385</subfield>
   <subfield code="a">000001</subfield>
   <subfield code="b">000001</subfield>
   <subfield code="d">2019-12-16</subfield>
   <subfield code="o">959.77 T550</subfield>
   <subfield code="p">MD.16252</subfield>
   <subfield code="r">2019-12-16</subfield>
   <subfield code="v">126000.00</subfield>
   <subfield code="w">2019-12-16</subfield>
   <subfield code="y">BK</subfield>
  </datafield>
  <datafield tag="980" ind1=" " ind2=" ">
   <subfield code="a">Thư viện Trường Đại học Nam Cần Thơ</subfield>
  </datafield>
 </record>
</collection>
